Flags of USA States #4 - Statistics

General Stats
  • This quiz has been taken 73 times
  • The average score is 8 of 10
Answer Stats
Picture Answer % Correct
Oklahoma
97%
Oregon
97%
New Mexico
89%
North Carolina
87%
North Dakota
84%
Ohio
82%
South Carolina
74%
Rhode Island
70%
New York
67%
Pennsylvania
59%
No matching quizzes found
Score Distribution
Percent of People with Each Score
Percentile by Number Answered
Your Score History
You have not taken this quiz